000 00284nam a2200133Ia 4500
003 OSt
005 20240319153959.0
008 170523s9999 xx 000 0 und d
020 _a8125000801
040 _cIIMT
100 _aBANSAL- R.K
245 0 _aSPOKEN ENGLISH
942 _2ddc
_c02
999 _c10055
_d10055